| 000 | 00000nam##2200000za#4500 |
| 001 | 9.615862 |
| 003 | CaOODSP |
| 005 | 20200514165641 |
| 007 | ta |
| 008 | 150406|2001||||xxc||||| f|0| 0 eng|d |
| 020 | |a0-662-31490-5 |
| 040 | |aCaOODSP|beng |
| 043 | |an-cn--- |
| 086 | 1 |aNH18-23/86E |
| 110 | 2 |aCanada Mortgage and Housing Corporation. |
| 245 | 10|aEnvironmental scan on youth homelessness |
| 260 | |aOttawa - Ontario : |bCanada Mortgage and Housing Corporation |c2001. |
| 300 | |a5p. ; |c28 cm. |
| 490 | 1 |aResearch highlight. Socio-economic series |v86 |
| 563 | |aPamphlet |
| 590 | |a01-51|b2001-12-28 |
| 690 | 07|aHomelessness|2gcpds |
| 690 | 07|aYoung adults|2gcpds |
| 775 | 08|tÉtude contextuelle sur le problème des jeunes sans-abri |w(CaOODSP)9.625867 |
| 776 | 0#|tEnvironmental scan on youth homelessness |w(CaOODSP)9.571769 |
| 830 | #0|aResearch highlight. Socio-economic series ;|v86|w(CaOODSP)9.514827 |
| 986 | |aNHA 60975 |